[Event "NATO-ch 13th"]
[Site "Brest"]
[Date "2002.10.10"]
[Round "5.24"]
[White "Kocur, Marc"]
[Black "Le Brun, Roger"]
[Result "1/2-1/2"]
[WhiteElo "1885"]
[BlackElo "2039"]
[PlyCount "55"]
[EventDate "2002.10.07"]
[EventType "swiss"]
[EventRounds "7"]
[EventCountry "FRA"]
[SourceTitle "EXT 2003"]
[Source "ChessBase"]
[SourceDate "2002.11.25"]
[SourceVersion "1"]
[SourceVersionDate "2002.11.25"]
[SourceQuality "1"]

1. c4 Nf6 2. Nc3 g6 3. Nf3 Bg7 4. g3 0-0 5. Bg2 d6 6. 0-0 Nc6 7. d4 a6 8. e4 Rb8 9. Qe2 Bg4 10. Rd1 Nd7 11. Be3 e5 12. dxe5 dxe5 13. Qd2 Nd4 14. Bxd4 exd4 15. Ne2 c5 16. Ne1 Re8 17. f3 Be6 18. Rac1 f5 19. exf5 Bxf5 20. g4 Be6 21. Ng3 Ne5 22. Bf1 Nf7 23. h3 Qc7 24. Ne4 Rf8 25. f4 Nd6 26. Ng5 Bd7 27. Bd3 Rbe8 28. Ng2 1/2-1/2

[Event "NATO-ch 13th"]
[Site "Brest"]
[Date "2002.10.??"]
[Round "6.23"]
[White "Le Brun, Roger"]
[Black "Arcasoy, Tugrul"]
[Result "0-1"]
[WhiteElo "2039"]
[BlackElo "1881"]
[PlyCount "52"]
[EventDate "2002.10.07"]
[EventType "swiss"]
[EventRounds "7"]
[EventCountry "FRA"]
[SourceTitle "EXT 2003"]
[Source "ChessBase"]
[SourceDate "2002.11.25"]
[SourceVersion "1"]
[SourceVersionDate "2002.11.25"]
[SourceQuality "1"]

1. e4 c5 2. Nf3 d6 3. d3 e6 4. g3 Nc6 5. Bg2 g6 6. 0-0 Bg7 7. Re1 Nge7 8. Nbd2 0-0 9. c3 Rb8 10. a4 a6 11. Nf1 b5 12. axb5 axb5 13. Qe2 b4 14. Qc2 bxc3 15. bxc3 Qb6 16. Ra2 Qb3 17. Bd2 Qxc2 18. Rxc2 Ba6 19. c4 Rb3 20. Ra2 Bb7 21. Re3 Ra8 22. Rxa8+ Bxa8 23. Ne1 Bd4 24. Bf3 Bxe3 25. fxe3 Ne5 26. Be2 N7c6 0-1